Les pays le plus peuplé - A à Z - Statistiques

Statistiques générales
  • Ce quiz a été pris 284 fois
  • Le résultat moyen est 18 sur 24
Statistiques - réponses
population pays % Correct
C 1 374 900 000 Chine
100%
I 1 330 783 000 Inde
97%
F 67 231 000 France
94%
E 324 757 000 Etats-Unis
93%
B 205 638 000 Brésil
89%
J 126 820 000 Japon
89%
R 146 545 000 Russie
88%
A 82 064 000 Allemagne
85%
D 5 707 000 Danemark
85%
Y 26 180 000 Yémen
85%
Q 2 334 000 Qatar
82%
Z 14 639 000 Zambie
82%
M 122 273 500 Mexique
69%
N 186 988 000 Nigeria
67%
P 194 098 000 Pakistan
67%
V 91 700 000 Viêt Nam
66%
T 78 741 000 Turquie
62%
O 37 102 000 Ouganda
60%
K 47 251 000 Kenya
59%
U 42 775 000 Ukraine
58%
G 27 043 000 Ghana
49%
L 6 804 000 Laos
46%
H 10 912 000 Haïti
45%
S 39 599 000 Soudan
39%
Aucun quiz correspondant
Distribution des résultats
% des personnes avec chaque résultat
Percentile par nombre de réponses
Votre historique - résultats
Vous n’avez pas pris ce quiz